Türkische Torschützen bei der Fußball-Europameisterschaft 2024 - Statistiken

Allgemein
  • Dieses Quiz wurde 122 mal gespielt
    110 seit der letzten Aktualisierung
  • Das Durchschnittsergebnis liegt bei 6 aus 8
Antwortstatistiken
Spiel Minute Torschütze % Korrekt
Türkei - Georgien 3-1 65' Arda Güler
99%
Österreich - Türkei 1-2 1' Merih Demiral
86%
Österreich - Türkei 1-2 59' Merih Demiral
86%
Türkei - Georgien 3-1 90+7' Kerem Aktürkoğlu
82%
Türkei - Georgien 3-1 25' Mert Müldür
82%
Tschechische Republik - Türkei 1-2 51' Hakan Çalhanoğlu
79%
Tschechische Republik - Türkei 1-2 90+4' Cenk Tosun
70%
Niederlande - Türkei 2-1 35' Samet Akaydin
60%
Keine übereinstimmenden Quizze gefunden
Verteilung der Resultate
Anzahl Personen mit jedem Resultat
Perzentil nach korrekt beantworteten Fragen
Ihre Resultats-Entwicklung
Sie haben dieses Quiz seit der letzten Aktualisierung nicht gespielt